|
|
|
|
| LEADER |
00789nam a22002051 4500 |
| 001 |
c000356615 |
| 003 |
CARM |
| 005 |
00000000000000.0 |
| 008 |
851029s1959 ilu 0 eng d |
| 019 |
1 |
|
|a 26476907
|z 4023919
|5 LACONCORD2021
|
| 035 |
|
|
|a (OCoLC)1236150
|5 LACONCORD2021
|
| 100 |
1 |
|
|a Beer, John Joseph,
|d 1927-
|
| 245 |
1 |
4 |
|a The emergence of the German dye industry.
|
| 260 |
|
|
|a Urbana :
|b Illinois U.P.,
|c 1959.
|
| 490 |
0 |
|
|a Illinois studies in the social sciences ;
|v vol.44
|
| 650 |
|
0 |
|a Dye industry
|z Germany
|x History.
|
| 852 |
8 |
|
|b CARM
|h A1:AL02E0
|i C10317
|p 0444035
|f BK
|
| 082 |
0 |
4 |
|a 338.476672
|
| 999 |
f |
f |
|i 71b5f110-c40d-51e3-b4e0-c82cff80113f
|s 185c04b9-636b-53c1-ae0f-1146d83fe74f
|
| 952 |
f |
f |
|p Can circulate
|a CAVAL
|b CAVAL
|c CAVAL
|d CARM 1 Store
|e C10317
|f A1:AL02E0
|h Other scheme
|i book
|m 0444035
|